| 000 | 00912nam a22003257a 4500 | ||
|---|---|---|---|
| 001 | BR9903142 | ||
| 003 | BR-BrBNA | ||
| 005 | 20230928100429.0 | ||
| 007 | ta | ||
| 008 | 230509b bl.||||| |||| 00| 0 por d | ||
| 040 |
_aBR-BrBNA _bpor _cBiblioteca Nacional de Agricultura |
||
| 041 | _a(Por) | ||
| 072 |
_aF01 _b2790 |
||
| 090 | _ 2790 BR9903142 | ||
| 100 | 1 | _aFurlan, M.R. | |
| 110 | 1 |
_aServico de Apoio as Micro e Pequenas Empresas do Estado de Mato Grosso, Cuiaba (Brasil) _99297 |
|
| 245 | 1 |
_aCultivo de plantas medicinais _bColecao Agroindustria, v. 13 |
|
| 260 | 3 |
_aCuiaba, MT (Brasil): _c1998. |
|
| 300 | _a130 p. | ||
| 500 | _a54 ref.; 23 illus. | ||
| 650 | _aPlanta Medicinal | ||
| 650 | _aPlantio | ||
| 650 | _aCalagem | ||
| 650 | _aAdubacao | ||
| 650 | _aPraga de Planta | ||
| 650 | _aDoenca de Planta | ||
| 650 | _aClima | ||
| 909 |
_a202309 _bLucia _c55 _dLucia Elande |
||
| 942 | _cBK | ||
| 999 |
_c61295 _d61295 |
||